Matemática hoy : (Registro nro. 9741)

Detalles MARC
000 -LIDER
fixed length control field 00661nam a22002057a 4500
001 - NÚMERO DE CONTROL
Identificador de número de control 00183
003 - IDENTIFICACDOR DE NÚMERO DE CONTROL
control field DO-SdBNP
005 - DATE AND TIME OF LATEST TRANSACTION
control field 20160413112902.0
007 - CAMPOS FIJOS DE DESCRIPCIÓN FÍSICA
fixed length control field 00183
008 - ELEMENTOS DE LONGITUD FIJA
fixed length control field 160413b dr 1989||||| |||| 00| 0 spa d
040 ## - FUENTE DE CATALOGACIÓN
Agencia que crea de manera original el registro BPMSU
Idioma de catalogación spa
Agencia que realiza la transcripción BPMSU
092 ## - LOCALLY ASSIGNED DEWEY DECIMAL CALL NUMBER
Número de clasificación xxxxxxxxx
Número de ítem (Cutter) xxxxxxxxx
100 1# - ASIENTO PRINCIPAL -- NOMBRE PERSONAL
Nombre personal Pelaez de Bautista, Adriana
245 ## - MENCIÓN DE TITULO
Título Matemática hoy :
Subtítulo 1er. curso de educación primaria /
Enlace Adriana Pélaez de Bautista, Francisca Juana Lugo de De león, Noemí Rodríguez de Uffre
250 ## - MENCIÓN DE EDICION
Mención de edición 2a ed.
260 ## - PUBLICACIÓN, DISTRIBUCIÓN, ETC. (PIE DE IMPRENTA)
Lugar de publicación, distribución, etc Santo Domingo :
Nombre del editor, distribuidor, etc. Instituto de Auxilios y Viviendas,
Fecha de publicación, distribución, etc 1989.
300 ## - DESCRIPCIÓN FÍSICA
Extensión 117 p. :
Otros detalles físicos il.,
Dimensiones 28 cm.
942 ## - ADDED ENTRY ELEMENTS (KOHA)
Source of classification or shelving scheme Dewey Decimal Classification
Koha item type Libros
956 ## - LOCAL ELECTRONIC LOCATION AND ACCESS (OCLC)
Nombre de host Brenda Tavárez
Existencias
Withdrawn status Lost status Source of classification or shelving scheme Damaged status Not for loan Collection code Home library Current library Date acquired Source of acquisition Total Checkouts Barcode Date last seen Price effective from Koha item type
    Dewey Decimal Classification       Biblioteca Pública Metropolitana Salomé Ureña Biblioteca Pública Metropolitana Salomé Ureña 04/13/2016 Donación   BPMSU16040392 04/13/2016 04/13/2016 Libros